| 000 | 00354nam a22001457a 4500 | ||
|---|---|---|---|
| 082 |
_a823 _bFIN/T |
||
| 100 | _aFINE, ANNIE | ||
| 245 |
_aTHE DIARY OF KILLER CAT _bSHORT STORY |
||
| 246 |
_aTHE DIARY OF KILLER CAT _bSHORT STORY |
||
| 260 |
_aLONDON _bHAMISH HAMILTON _c1994 |
||
| 300 | _a63 | ||
| 520 | _aSHORT STORY | ||
| 650 | _aSHORT STORY | ||
| 942 | _cBK | ||
| 999 |
_c2067 _d2067 |
||